Welcome to the Holygrace Academy Library

Please use search bar below to get started

PHYSICS-XII-CBSE QUESTION BANK CHAPERWISE SOLUTIONS (Record no. 8545)

MARC details
000 -LEADER
fixed length control field 00499nam a22001577a 4500
020 ## - INTERNATIONAL STANDARD BOOK NUMBER
ISBN 978-81-8481-791-1
082 ## - DEWEY DECIMAL CLASSIFICATION NUMBER
Classification number 530
Item number OSW/P
100 ## - MAIN ENTRY--AUTHOR NAME
Personal name OSWAAL
245 ## - TITLE STATEMENT
Title PHYSICS-XII-CBSE QUESTION BANK CHAPERWISE SOLUTIONS
246 ## - VARYING FORM OF TITLE
Title proper/short title PHYSICS-XII-CBSE QUESTION BANK CHAPERWISE SOLUTIONS
Remainder of title PHYSICS-XII-CBSE QUESTION BANK CHAPERWISE SOLUTIONS
260 ## - PUBLICATION, DISTRIBUTION, ETC. (IMPRINT)
Place of publication AGRA, INDIA
Name of publisher OSWAAL
Year of publication 2013
300 ## - PHYSICAL DESCRIPTION
Number of Pages 252
520 ## - SUMMARY, ETC.
Summary, etc PHYSICS-XII-CBSE QUESTION BANK CHAPERWISE SOLUTIONS
650 ## - SUBJECT ADDED ENTRY--TOPICAL TERM
Topical Term PHYSICS
942 ## - ADDED ENTRY ELEMENTS (KOHA)
Koha item type Books
Holdings
Withdrawn status Lost status Collection code Home library Current library Shelving location Date acquired Source of acquisition Cost, normal purchase price Full call number Accession Number Koha item type
    Reference Main Library Main Library SHELF-9 B XII PHYSICS 28/06/2013 PURCHASED 199.00 530 OSW/P 07417 Books